Sports Quiz

Random Sports or NCAA Quiz

BCS National Champs Quiz Stats

 Plays Quiz Updated Nov 15, 2017

Score 0/16 Timer 02:00
4 Plays Today
Year BCS Champ % Correct
2004*USC
89.3%
2006Florida
88.6%
2005Texas
87%
2011Alabama
85.7%
2007LSU
84.9%
2002Ohio State
84.5%
2012Alabama
84.3%
2008Florida
84%
Year BCS Champ % Correct
2000Oklahoma
81.4%
2003LSU
79.7%
2013Florida State
79.4%
1999Florida State
75.5%
1998Tennessee
68.5%
2001Miami (Florida)
64.1%
2009Alabama
54.1%
2010Auburn
30.5%

You're not logged in!

Compare scores with friends on all Sporcle quizzes.
OR
Log In

Sporcle TV

Today on Sporcle TV


Watch our educational content, quiz creation guides, and fun videos on Sporcle TV.

Show Comments

Extras

Top Quizzes Today


Score Distribution

Your Account Isn't Verified!

In order to create a playlist on Sporcle, you need to verify the email address you used during registration. Go to your Sporcle Settings to finish the process.

Report this User

Report this user for behavior that violates our Community Guidelines.

Details: